Papers (Record no. 171915)

MARC details
000 -LEADER
fixed length control field 00933nam a2200265Ia 4500
003 - CONTROL NUMBER IDENTIFIER
control field OSt
005 - DATE AND TIME OF LATEST TRANSACTION
control field 20220918183224.0
008 - FIXED-LENGTH DATA ELEMENTS--GENERAL INFORMATION
fixed length control field 220917b |||||||| |||| 00| 0 eng d
037 ## - SOURCE OF ACQUISITION
Terms of availability Textual
040 ## - CATALOGING SOURCE
Original cataloging agency ARTS
Transcribing agency ARTS
Language of cataloging eng
041 ## - LANGUAGE CODE
Source of code eng
Language code of text/sound track or separate title eng
110 ## - MAIN ENTRY--CORPORATE NAME
Corporate name or jurisdiction name as entry element International Seminar Organised Jointly By. The Sahitya Akademi And Festival Of France In India 15-17 January 1990
9 (RLIN) 62306
245 #0 - TITLE STATEMENT
Title Papers
Remainder of title Universality of man
260 ## - PUBLICATION, DISTRIBUTION, ETC.
Place of publication, distribution, etc. New Delhi
Name of publisher, distributor, etc. Sahitya Akademi
Date of publication, distribution, etc. 1992
300 ## - PHYSICAL DESCRIPTION
Extent 184p.
Dimensions cm.
500 ## - GENERAL NOTE
General note Includes index
650 ## - SUBJECT ADDED ENTRY--TOPICAL TERM
Topical term or geographic name entry element ENGLISH LITERATURE
700 ## - ADDED ENTRY--PERSONAL NAME
Personal name International Seminar Organised Jointly By. The Sahitya Akademi And Festival Of France In India 15-17 January 1990
9 (RLIN) 62307
942 ## - ADDED ENTRY ELEMENTS (KOHA)
Classification part O122,6M66p1,N90, N2 (MILSC)
Koha item type Textual
Source of classification or shelving scheme Colon Classification (CC)
Holdings
Withdrawn status Lost status Damaged status Not for loan Home library Current library Date acquired Total Checkouts Full call number Barcode Date last seen Price effective from Koha item type
        Arts Library Arts Library 2022-09-18   O122,6M66p1,N90 N2 (MILSC) AL0354077 2022-09-18 2022-09-18 Textual
Copyright @ Delhi University Library System